| 000 | 01176cam a2200301 a 4500 | ||
|---|---|---|---|
| 001 | 3535 | ||
| 005 | 20240318092559.0 | ||
| 020 | _a078073003990 | ||
| 040 |
_aDAJ _cDAJ _dDLC _beng |
||
| 050 | 0 | 0 | _aE99.P85 |
| 082 | 0 | 0 | _a975.5 |
| 100 | 1 | _aWeinberger, Kimberly | |
| 245 | 1 | 0 |
_aLet's read about-- Pocahontas / _cby Kimberly Weinberger ; illustrated by Stephen Marchesi |
| 250 | _aFirst printing, November 2003 | ||
| 260 |
_aNew York : _bScholastic, _c2003 |
||
| 300 |
_a32 unnumbered pages : _bcolor illustrations ; _c24 cm. |
||
| 490 | _a Scholastic First Biographies | ||
| 505 | _aM | ||
| 520 | _aA biography of Pocahontas, the Powhatan Indian woman famous for rescuing John Smith, and who was herself kidnapped and taken to live at Jamestown, where she eventually married colonist John Rolfe. | ||
| 521 |
_a530
_bLexile estimate |
||
| 521 |
_aM
_bRaz-Plus |
||
| 650 | 0 |
_aPowhatan women _vBiography _vJuvenile literature |
|
| 650 | 0 |
_aPowhatan Indians _xSocial life and customs _vJuvenile literature |
|
| 650 | 1 |
_aWomen _vBiography |
|
| 700 | 1 |
_aMarchesi, Stephen _eillustrator |
|
| 906 |
_a7 _bcbc _ccopycat _d2 _encip _f20 _gy-gencatlg |
||
| 942 |
_2ddc _cBK _n0 |
||
| 999 |
_c3535 _d3535 |
||